Statistics for Dutch railway stations with closed barrier gates

Click here to take the quiz!

General Stats

  • This quiz has been taken 62 times
    (36 since last reset)
  • The average score is 31 of 77

Answer Stats

Station% Correct
Amsterdam Centraal
97%
Rotterdam Centraal
84%
Utrecht Centraal
74%
Alkmaar
71%
Amsterdam Sloterdijk
71%
Breda
71%
Eindhoven
71%
Amsterdam Amstel
65%
Tilburg
65%
Nijmegen
61%
Amsterdam Zuid
58%
Delft
58%
Den Helder
58%
Leeuwarden
58%
Zwolle
58%
Almere Buiten
55%
Almere Centrum
55%
Amersfoort
55%
Arnhem Centraal
55%
Enschede
55%
Gouda
55%
Rotterdam Blaak
52%
Amsterdam Lelylaan
48%
Deventer
48%
Haarlem
48%
Hilversum
48%
Hoorn
48%
Leiden Centraal
48%
Roosendaal
48%
Sittard
48%
Almere Oostvaarders
45%
Amsterdam Bijlmer Arena
45%
Den Haag HS
45%
Duivendrecht
45%
Almere Muziekwijk
42%
Amsterdam Rai
42%
Apeldoorn
42%
Dordrecht
42%
Lelystad Centrum
42%
Rotterdam Alexander
42%
Woerden
42%
Almere Parkwijk
39%
Almere Poort
39%
Amsterdam Muiderpoort
39%
Amsterdam Sciencepark
39%
Heerenveen
39%
Weesp
39%
Rotterdam Zuid
35%
Schiedam Centrum
35%
Diemen
32%
Rotterdam Lombardijen
32%
Zoetermeer
32%
Diemen Zuid
29%
Utrecht Overvecht
29%
Amsterdam Holendrecht
26%
Boxtel
26%
Breukelen
26%
Zoetermeer Oost
26%
Barendrecht
23%
Hoogeveen
23%
Steenwijk
23%
Zwijndrecht
23%
Hoofddorp
19%
Nieuw-Vennep
19%
Beverwijk
16%
Helmond
16%
Houten
16%
Best
13%
Bilthoven
13%
Culemborg
13%
Breda Prinsenbeek
10%
Heiloo
10%
Voorschoten
10%
Capelle Schollevaar
6%
Hoorn Kersenboogerd
6%
Santpoort Noord
6%
Zaltbommel
6%

Score Distribution

Percentile by Number Answered

Percent of People with Each Score

Your Score History

You have not taken this quiz since the last reset